000 00707nas a2200253 4500
001 BR2012002750
003 BR-BrBNA
005 20231205120434.0
007 ta
008 230509b bl.|||p| |||| 00| 00por d
040 _aBR-BrBNA
_bpor
_cBiblioteca Nacional de Agricultura
041 _a(Pt)
072 _aL70; L73
100 1 _aScanavini Neto, H.
245 1 _aVacinas atuais e perspectivas
650 _aDOENÇA ANIMAL
650 _aEPIDEMIA
650 _aVACINA
650 _aVACINAÇÃO
650 _aBIOSSEGURANÇA
773 0 _tO Biológico (Brazil)
_xISSN 0366-0567
_g(Jul-Dec 1999), v. 61(2) p. 43-45
_wBR2012002750
909 _a202311
_bLúcia
_c55
_dLúcia Elande
942 _2AGRIS
_n0
_cANA
999 _c218506
_d218506